000
002490000a22000970004500
090
_a
AR
_b
04429
245
1
0
_a
Notes on neotropical Orchidaceae II
100
1
_a
Christenson, Eric A.
_9
98303
942
_c
ARTICULO
773
1
_t
Lindleyana
_h
1
_q
12-26
_d
1996
_g
11
999
_c
13527
_d
13527